| 000 | 00484cam a22002051 4500 | ||
|---|---|---|---|
| 001 | sa 66002945 | ||
| 003 | DLC | ||
| 005 | 20260227112232.0 | ||
| 008 | 881028s1963 xx 000 0 beno | ||
| 010 | _asa 66002945 | ||
| 035 | _a(OCoLC)23541630 | ||
| 040 |
_aDLC _cMiU _dDLC |
||
| 042 | _apremarc | ||
| 050 | 0 | 0 |
_aPK1718.C427 _bS8 |
| 100 | 1 |
_aChatterjee, Sudhananda, _d1912- |
|
| 245 | 1 | 0 | _aSura o surabhi. |
| 260 | _c[1963] | ||
| 300 |
_a95 p. _c23 cm. |
||
| 500 | _aRomanized. | ||
| 999 |
_c68622 _d68622 |
||